Anime-Serien erkennen - Statistiken

Allgemein
  • Dieses Quiz wurde 2.205 mal gespielt
  • Das Durchschnittsergebnis liegt bei 10 aus 15
Antwortstatistiken
Bildquiz Antwort % Korrekt
One Piece
98%
Demon Slayer
96%
Attack on Titan
95%
Death Note
95%
My Hero Academia
88%
Sword Art Online
86%
Seven deadly sins
82%
The promised Neverland
66%
Elfenlied
62%
Erased
53%
Noragami
52%
Charlotte
49%
Angel Beats!
44%
AnoHana
29%
Darwin's Game
14%
Keine übereinstimmenden Quizze gefunden
Verteilung der Resultate
Anzahl Personen mit jedem Resultat
Perzentil nach korrekt beantworteten Fragen
Ihre Resultats-Entwicklung
Sie haben dieses Quiz noch nicht gespielt